EU budget 2010 financial report

Guardado en:
Detalles Bibliográficos
Autor Corporativo: European Commission
Formato: Libro
Lenguaje:inglés
Publicado: Luxembourg Publications Office of the European Union 2011
Materias:
Etiquetas: Agregar Etiqueta
Sin Etiquetas, Sea el primero en etiquetar este registro!

MARC

LEADER 00000nam a2200000 4500
001 0147202
005 20240318114301.2
020 |a 978-92-79-19878-6 
022 |a 1830-7280 
041 0 |a eng 
044 |a LU 
245 1 0 |a EU budget 2010  |b financial report 
264 1 |a Luxembourg  |b Publications Office of the European Union  |c 2011 
300 |a 87 s. 
610 2 0 |a rozpočty 
610 2 0 |a integrácia ekonomická medzinárodná 
610 2 0 |a výdavky 
610 2 0 |a príjmy 
610 2 0 |a riadenie 
610 2 0 |a financie 
610 2 0 |a Európska únia 
710 2 |a European Commission